Score 0/24 Timer 05:00
0 Plays Today
Actor Missing Word % Correct
Leonardo DiCaprioGrape
95%
Alec BaldwinOctober
93.3%
Matt DamonZoo
89.3%
Jack NicholsonMars
87.6%
Matt DamonTalented
84.9%
Alec BaldwinPolly
83%
Leonardo DiCaprioDiamond
80.1%
Alec BaldwinHarbor
79.5%
Leonardo DiCaprioShutter
79.5%
Alec BaldwinGlen
77%
Jack NicholsonEastwick
76.7%
Vera FarmigaUp
74.4%
Actor Missing Word % Correct
Jack NicholsonBucket
70.5%
Mark WahlbergStorm
65.1%
Jack NicholsonSchmidt
55.2%
Mark WahlbergDay
50.3%
Mark WahlbergBrothers
50.2%
Vera FarmigaRunning
47.9%
Vera FarmigaHouse
47.9%
Leonardo DiCaprioBasketball
47.3%
Matt DamonMonuments
39.1%
Matt DamonGreen
32.3%
Mark WahlbergExtinction
32.1%
Vera FarmigaSource
25.3%

Today's Daily Dose

Remove Ads.
Support Sporcle.
Get the best of Sporcle when you Go Orange. This ad-free experience offers more features, more stats, and more fun while also helping to support Sporcle. Thank you for becoming a member.

You're not logged in!

Compare scores with friends on all Sporcle quizzes.
OR
Log In

Show Comments

Extras

Top Quizzes Today


Score Distribution

Your Account Isn't Verified!

In order to create a playlist on Sporcle, you need to verify the email address you used during registration. Go to your Sporcle Settings to finish the process.

Report this User

Report this user for behavior that violates our Community Guidelines.

Details: